000 00509nam a2200181Ia 4500
008 240925s9999 xx 000 0 und d
020 _a9788131711040
082 _a003 TAH
100 _aHamdy ,A. Taha
245 0 _aOperations Research: an introduction
250 _a8th
260 _aNew Delhi:
_bPearson Printice Hall
_c,2008.
300 _axiii,521p.
_bNA
_fPirated
500 _aIncludes Index
600 _aComputer Science
650 _aComputer science, information & general works
942 _cBK
999 _c10525
_d10525